Missing Word: 21st Century Books Quiz (A-Z) Stats

 Plays Quiz Updated Mar 27, 2015

Challenge
Share
Tweet
Embed
Score 0/26 Timer 04:00
0 Plays Today
Title Answer % Correct
The da _____ Code
(Dan Brown)
Vinci
95.9%
Eat, Pray, ____
(Elizabeth Gilbert)
Love
95.1%
Malcolm _: In His Own Words
(Nathan Lee)
X
94.4%
The Life of __
(Yann Martel)
Pi
94.2%
Harry Potter and the ______ Hallows
(J. K. Rowling)
Deathly
94%
World War _
(Max Brooks)
Z
91.7%
The Time Traveler's _____
(Audrey Niffenegger)
Wife
90.2%
Gone ____
(Gillian Flynn)
Girl
89.3%
The _____ Boleyn Girl
(Philippa Gregory)
Other
87%
Catching _____
(Suzanne Collins)
Fire
86.6%
The Kite _____
(Khaled Hosseini)
Runner
86.1%
The ____ Life of Bees
(Sue Monk Kidd)
Secret
83.1%
_____ Let Me Go
(Kazuo Ishiguro)
Never
82.6%
Title Answer % Correct
_____ and Me: Life and Love with the World's Worst Dog
(John Grogan)
Marley
82.3%
_______ Loud and Incredibly Close
(Jonathan Safran Foer)
Extremely
81.9%
The Girl who _____ the Hornet's Nest
(Stieg Larsson)
Kicked
80.2%
Cloud _____
(David Mitchell)
Atlas
73.2%
_____ the Banner of Heaven
(John Krakauer)
Under
72.2%
The Book ____
(Markus Zusak)
Thief
67.4%
The Curious _____ of the Dog in the Night-Time
(Mark Haddon)
Incident
58.9%
The ____ of Magical Thinking
(Joan Didion)
Year
50.1%
The _____ Wondrous Life of Oscar Wao
(Junot Diaz)
Brief
23.3%
The Amazing Adventures of Kavalier & ____
(Michael Chabon)
Clay
18.4%
_____ Strange and Mr Norrell
(Susanna Clarke)
Jonathan
14.6%
____ of a Yellow Sun
(Chimamanda Ngozi Adichie)
Half
11.6%
______ Connection
(Travis S. Taylor)
Quantum
11.4%

Today's Daily Dose

You're not logged in!

Compare scores with friends on all Sporcle quizzes.
Join for Free
OR
Log In

You Might Also Like...

Show Comments

Extras

Top Quizzes Today


Score Distribution

Your Account Isn't Verified!

In order to create a playlist on Sporcle, you need to verify the email address you used during registration. Go to your Sporcle Settings to finish the process.

Report this User

Report this user for behavior that violates our Community Guidelines.

Details: